S kráľovnou oslavovali milióny Briti si päťdesiate výročie Alžbety II. na tróne ...

Bibliographic Details
Main Author: (mch) (Author)
Format: Article
Language:Slovak
PhysicalDescription:Fotogr.
ISSN:1335-440X
Subjects:

MARC

LEADER 00000nab a2200000 a 4500
001 vtls000797291
003 SK-MaSNL
005 20260304204516.0
008 180206c2002 xo 0 slo
015 |a SNBRB2002/06-19248 
035 |a CLN000148946 
040 |a SNKBUCL  |b slo  |c SNKBUCL  |e AACR2 
041 0 |a slo 
044 |a xo  |c SK 
080 |a 929 Alžbeta II.  |2 UDC-MRF-SK2 
100 0 |a (mch)  |4 aut  |9 842842 
245 1 0 |a S kráľovnou oslavovali milióny  |b Briti si päťdesiate výročie Alžbety II. na tróne ...  |c [autor] (mch) 
300 |b Fotogr. 
600 0 7 |a Alžbeta  |b II.,  |c britská kráľovná,  |d 1926-2022  |2 snkbucl  |9 86461 
655 7 |a články z novín a časopisov  |2 snkbucl  |9 267496 
773 0 |x 1335-440X  |t Sme  |g Roč. 10, č. 129 (5.6.2002), s. 11 
850 |a Slovenská národná knižnica v Martine 
852 |a SNK  |b KIS3GCP 
958 |a RBX 
999 |c 3116407  |d 3118337